[Event "IECG RN.2006.0.00008"]
[Site "IECG email"]
[Date "2006.09.02"]
[Round "?"]
[White "Arut, Marcos"]
[Black "Ong, Allan C"]
[Result "1-0"]
[WhiteElo "875"]
[BlackElo "891"]
[PlyCount "77"]
[EventDate "2006.09.02"]
[EventType "tourn (corr)"]
[EventRounds "6"]
[SourceTitle "Corr 2008"]
[Source "ChessBase"]
[SourceDate "2008.06.24"]
[SourceVersion "1"]
[SourceVersionDate "2008.06.24"]
[SourceQuality "1"]

1. d4 f5 2. e4 fxe4 3. Nc3 Nf6 4. Bg5 d5 5. Bxf6 exf6 6. Qh5+ g6 7. Qxd5 Qe7 8. Qxe4 Nc6 9. 0-0-0 Qxe4 10. Nxe4 Bg7 11. Bb5 0-0 12. Ne2 Nb4 13. a3 Nd5 14. c4 a6 15. Ba4 b5 16. cxb5 Bf5 17. Nc5 axb5 18. Bxb5 Ra5 19. Bc4 c6 20. Nc3 Kh8 21. Nxd5 cxd5 22. Bxd5 Rc8 23. f3 Bf8 24. Be4 Bd7 25. Kb1 Bxc5 26. dxc5 Ba4 27. Rc1 Raxc5 28. Rxc5 Rxc5 29. Rc1 Rh5 30. h3 f5 31. Bc6 Bxc6 32. Rxc6 f4 33. b4 Rb5 34. Kb2 Kg7 35. Kb3 Re5 36. a4 Re2 37. Rc2 Re3+ 38. Ka2 Kh6 39. a5 1-0

[Event "IECG RN.2006.0.00008"]
[Site "IECG email"]
[Date "2006.09.02"]
[Round "?"]
[White "Meszaros, Attila Jr"]
[Black "Arut, Marcos"]
[Result "1/2-1/2"]
[WhiteElo "800"]
[BlackElo "875"]
[PlyCount "75"]
[EventDate "2006.09.02"]
[EventType "tourn (corr)"]
[EventRounds "6"]
[SourceTitle "Corr 2008"]
[Source "ChessBase"]
[SourceDate "2008.06.24"]
[SourceVersion "1"]
[SourceVersionDate "2008.06.24"]
[SourceQuality "1"]

1. e4 c5 2. Nf3 Nc6 3. Nc3 d6 4. Be2 Nf6 5. 0-0 g6 6. d3 Bg7 7. Nd5 Nxd5 8. exd5 Ne5 9. Nxe5 Bxe5 10. Bf3 h5 11. c3 Bf5 12. d4 cxd4 13. cxd4 Bg7 14. Be3 Rc8 15. Rc1 f6 16. Rxc8 Qxc8 17. Qa4+ Kf7 18. Qxa7 h4 19. Rc1 Qd7 20. h3 Rc8 21. Rxc8 Qxc8 22. b4 b5 23. Bf4 Kg8 24. a4 g5 25. Be3 Kf7 26. axb5 Bh6 27. b6 g4 28. hxg4 Bxe3 29. fxe3 Bxg4 30. Qc7 Qf5 31. Bxg4 Qxg4 32. b7 Qd1+ 33. Kh2 Qe1 34. b8Q Qg3+ 35. Kh1 Qe1+ 36. Kh2 Qg3+ 37. Kh1 Qe1+ 38. Kh2 1/2-1/2

[Event "IECG RN.2006.0.00006"]
[Site "IECG email"]
[Date "2006.07.29"]
[Round "?"]
[White "Arut, Marcos"]
[Black "Gyongyosi, Peter Laszlo"]
[Result "1/2-1/2"]
[WhiteElo "937"]
[BlackElo "800"]
[PlyCount "92"]
[EventDate "2006.07.29"]
[EventType "tourn (corr)"]
[EventRounds "6"]
[SourceTitle "Corr 2008"]
[Source "ChessBase"]
[SourceDate "2008.06.24"]
[SourceVersion "1"]
[SourceVersionDate "2008.06.24"]
[SourceQuality "1"]

1. d4 d5 2. c4 e6 3. cxd5 exd5 4. Nc3 Nf6 5. Bg5 c6 6. a3 Be7 7. Nf3 0-0 8. e3 Nbd7 9. Bd3 h6 10. Bh4 Ne8 11. Bg3 Nd6 12. Ne5 Nxe5 13. Bxe5 f6 14. Bg3 Nf5 15. Qh5 Qe8 16. Qf3 Nd6 17. Bxd6 Bxd6 18. 0-0 Be6 19. Bf5 Bxf5 20. Qxf5 Qf7 21. Ne2 g6 22. Qh3 Kg7 23. f4 Rae8 24. Nc3 Re7 25. Rf3 Qe8 26. Raf1 f5 27. Nd1 a6 28. g4 fxg4 29. Qxg4 c5 30. h4 Kh7 31. Kf2 cxd4 32. exd4 Ref7 33. Kg3 Qb8 34. Nc3 h5 35. Qh3 Kh6 36. Nxd5 Rf5 37. Nc3 Rxf4 38. Rxf4 Rxf4 39. Rxf4 Bxf4+ 40. Kg2 Qd6 41. Qd3 Qe6 42. Qf3 Bc1 43. d5 Qd6 44. Qd3 Qf4 45. Qf3 Qxh4 46. Qf8+ Kh7 1/2-1/2

[Event "LSS RN-2006-0-00005"]
[Site "LSS email"]
[Date "2006.07.26"]
[Round "?"]
[White "Albesa, Alfredo Ricardo"]
[Black "Arut, Marcos"]
[Result "0-1"]
[WhiteElo "1389"]
[BlackElo "843"]
[PlyCount "26"]
[EventDate "2006.07.16"]
[EventType "tourn (corr)"]
[EventRounds "6"]
[EventCountry "GER"]
[SourceTitle "Corr 2015"]
[Source "ChessBase"]
[SourceDate "2015.07.17"]
[SourceVersion "1"]
[SourceVersionDate "2015.07.17"]
[SourceQuality "1"]

1. e4 c5 2. Nf3 d6 3. d4 cxd4 4. Nxd4 Nf6 5. Nc3 g6 6. Be3 Bg7 7. f3 a6 8. Qd2 0-0 9. 0-0-0 b5 10. a4 Bd7 11. Bh6 bxa4 12. Bxg7 Kxg7 13. g4 Qa5 0-1

[Event "IECG RN.2006.0.00005"]
[Site "IECG email"]
[Date "2006.07.16"]
[Round "?"]
[White "Arut, Marcos"]
[Black "Biro, Zoltan"]
[Result "0-1"]
[WhiteElo "937"]
[BlackElo "800"]
[PlyCount "64"]
[EventDate "2006.07.16"]
[EventType "tourn (corr)"]
[EventRounds "6"]
[SourceTitle "Corr 2008"]
[Source "ChessBase"]
[SourceDate "2008.06.24"]
[SourceVersion "1"]
[SourceVersionDate "2008.06.24"]
[SourceQuality "1"]

1. d4 Nf6 2. c4 e6 3. Nc3 Bb4 4. Bg5 c5 5. Bxf6 Qxf6 6. e3 0-0 7. a3 Ba5 8. Bd3 cxd4 9. exd4 Nc6 10. Nf3 d5 11. cxd5 exd5 12. 0-0 Rd8 13. Rc1 Bg4 14. Be2 Bb6 15. h3 Bh5 16. Qd3 Bg6 17. Qd2 Be4 18. Rfe1 Nxd4 19. Nxe4 Nxf3+ 20. gxf3 dxe4 21. Qc3 Bd4 22. Qb3 Qh4 23. fxe4 Qxf2+ 24. Kh1 Be5 25. Qxf7+ Kxf7 26. Rf1 Qxf1+ 27. Rxf1+ Ke7 28. b3 Rd4 29. Bc4 Rf8 30. Re1 Rf2 31. Bd5 Rh2+ 32. Kg1 Rdd2 0-1

[Event "IECG RN.2006.0.00005"]
[Site "IECG email"]
[Date "2006.07.16"]
[Round "?"]
[White "Arut, Marcos"]
[Black "Gimenes, Luiz"]
[Result "0-1"]
[WhiteElo "937"]
[BlackElo "800"]
[PlyCount "50"]
[EventDate "2006.07.16"]
[EventType "tourn (corr)"]
[EventRounds "6"]
[SourceTitle "Corr 2008"]
[Source "ChessBase"]
[SourceDate "2008.06.24"]
[SourceVersion "1"]
[SourceVersionDate "2008.06.24"]
[SourceQuality "1"]

1. d4 Nf6 2. c4 e6 3. Nc3 Bb4 4. Bg5 c5 5. e3 Qa5 6. Bxf6 Bxc3+ 7. bxc3 Qxc3+ 8. Ke2 gxf6 9. Rc1 Qa3 10. Nf3 Qxa2+ 11. Rc2 Qa3 12. g3 d6 13. Bg2 Bd7 14. Qb1 Nc6 15. Ra2 Qb4 16. Qc2 Qb6 17. Rb2 Nb4 18. Qe4 Bc6 19. d5 Nxd5 20. Rxb6 Nc3+ 21. Kf1 Nxe4 22. Rb2 a5 23. Ne1 a4 24. Ke2 a3 25. Rc2 a2 0-1

[Event "IECG SN.2006.0.00004"]
[Site "IECG email"]
[Date "2006.07.16"]
[Round "?"]
[White "Arut, Marcos"]
[Black "Schoenbuchner, Gertraud"]
[Result "0-1"]
[WhiteElo "875"]
[BlackElo "794"]
[PlyCount "68"]
[EventDate "2006.07.16"]
[EventType "tourn (corr)"]
[EventRounds "6"]
[SourceTitle "Corr 2008"]
[Source "ChessBase"]
[SourceDate "2008.06.24"]
[SourceVersion "1"]
[SourceVersionDate "2008.06.24"]
[SourceQuality "1"]

1. d4 d5 2. c4 dxc4 3. Nc3 Nf6 4. Nf3 Nc6 5. e3 Bg4 6. Bxc4 e6 7. 0-0 Qd7 8. Be2 0-0-0 9. a3 h5 10. h3 Bf5 11. b4 Ne4 12. Qb3 Nxc3 13. Qxc3 f6 14. Bb2 g5 15. Nh2 g4 16. h4 Bd6 17. g3 Be4 18. Rac1 Rhg8 19. Rfe1 Ne7 20. Bb5 c6 21. Ba4 a6 22. b5 axb5 23. Bxb5 Qc7 24. Bf1 Bxg3 25. f4 Bxe1 26. Qxe1 g3 27. Nf3 Bxf3 28. Bg2 Bxg2 29. Kxg2 Nf5 30. Bc3 Nxh4+ 31. Kh3 Nf5 32. Kg2 h4 33. Ba5 b6 34. Bd2 h3+ 0-1

[Event "IECG SN.2006.0.00004"]
[Site "IECG email"]
[Date "2006.07.16"]
[Round "?"]
[White "Arut, Marcos"]
[Black "Zungri, Ariel"]
[Result "0-1"]
[WhiteElo "875"]
[BlackElo "800"]
[PlyCount "64"]
[EventDate "2006.07.16"]
[EventType "tourn (corr)"]
[EventRounds "6"]
[SourceTitle "Corr 2008"]
[Source "ChessBase"]
[SourceDate "2008.06.24"]
[SourceVersion "1"]
[SourceVersionDate "2008.06.24"]
[SourceQuality "1"]

1. d4 Nf6 2. c4 g6 3. Nc3 d5 4. cxd5 Nxd5 5. e4 Nxc3 6. bxc3 Bg7 7. Nf3 0-0 8. e5 c5 9. Be2 Nc6 10. Be3 Qa5 11. Qb3 cxd4 12. Nxd4 Nxd4 13. Bxd4 Bxe5 14. 0-0 Bxd4 15. cxd4 b6 16. Rfe1 Be6 17. Qb2 Rfd8 18. Red1 Rac8 19. Bf3 Bd5 20. Bxd5 Rxd5 21. Rac1 Rcd8 22. g3 Qa4 23. Qb3 Qxb3 24. axb3 Rxd4 25. Rxd4 Rxd4 26. Rc7 a5 27. Rxe7 Rd3 28. Re3 Rxe3 29. fxe3 f5 30. Kf2 b5 31. Ke2 Kf7 32. Kd3 a4 0-1

[Event "IECG SN.2006.0.00004"]
[Site "IECG email"]
[Date "2006.07.16"]
[Round "?"]
[White "Babcock, Chris"]
[Black "Arut, Marcos"]
[Result "0-1"]
[WhiteElo "933"]
[BlackElo "875"]
[PlyCount "72"]
[EventDate "2006.07.16"]
[EventType "tourn (corr)"]
[EventRounds "6"]
[SourceTitle "Corr 2008"]
[Source "ChessBase"]
[SourceDate "2008.06.24"]
[SourceVersion "1"]
[SourceVersionDate "2008.06.24"]
[SourceQuality "1"]

1. e4 c5 2. Nc3 Nc6 3. Nf3 d6 4. h3 Nf6 5. d4 cxd4 6. Nxd4 a6 7. Nf5 Nxe4 8. Nd4 Nxc3 9. bxc3 e6 10. Be2 Be7 11. 0-0 e5 12. Nxc6 bxc6 13. Be3 d5 14. c4 d4 15. Bd2 c5 16. Bf3 Rb8 17. Bc6+ Bd7 18. Bxd7+ Qxd7 19. Ba5 0-0 20. c3 Bf6 21. cxd4 exd4 22. Rb1 Rxb1 23. Qxb1 Qa4 24. Bc7 Qxc4 25. Bd6 Rc8 26. Qb7 Qe6 27. Qxa6 Be7 28. Bxe7 Qxa6 29. Bg5 Qxa2 30. Re1 d3 31. Rd1 c4 32. Bf4 Qc2 33. Rd2 Qc1+ 34. Kh2 Qxd2 35. Bxd2 c3 36. Bf4 d2 0-1

[Event "IECG RN.2006.0.00003"]
[Site "IECG email"]
[Date "2006.05.19"]
[Round "?"]
[White "Andrade, Daniel"]
[Black "Arut, Marcos"]
[Result "1-0"]
[WhiteElo "800"]
[BlackElo "800"]
[PlyCount "45"]
[EventDate "2006.05.19"]
[EventType "tourn (corr)"]
[EventRounds "6"]
[SourceTitle "Corr 2008"]
[Source "ChessBase"]
[SourceDate "2008.06.24"]
[SourceVersion "1"]
[SourceVersionDate "2008.06.24"]
[SourceQuality "1"]

1. e4 c5 2. Nf3 Nc6 3. d4 cxd4 4. Nxd4 g6 5. Nc3 Bg7 6. Be3 d6 7. Bb5 Bd7 8. Nxc6 bxc6 9. Bc4 Qa5 10. 0-0 Bxc3 11. bxc3 Qxc3 12. Bb3 Nf6 13. Bd4 Qb4 14. Rb1 Qa5 15. Bxf6 exf6 16. Qxd6 Qe5 17. Bxf7+ Kd8 18. Qa3 Kc7 19. Rfd1 a5 20. f4 Qxf4 21. Rxd7+ Kxd7 22. Rd1+ Kc7 23. Qe7+ 1-0

[Event "IECG OP.2006.0.00044"]
[Site "IECG email"]
[Date "2006.05.17"]
[Round "?"]
[White "Arut, Marcos"]
[Black "Gomes, Sergio"]
[Result "0-1"]
[WhiteElo "800"]
[BlackElo "1400"]
[PlyCount "46"]
[EventDate "2006.05.17"]
[EventType "tourn (corr)"]
[EventRounds "6"]
[SourceTitle "Corr 2008"]
[Source "ChessBase"]
[SourceDate "2008.06.24"]
[SourceVersion "1"]
[SourceVersionDate "2008.06.24"]
[SourceQuality "1"]

1. d4 Nf6 2. c4 e6 3. Nc3 b6 4. Nf3 Bb7 5. g3 Be7 6. Bg2 0-0 7. 0-0 Ne4 8. Bf4 Nxc3 9. bxc3 Be4 10. Nd2 Bxg2 11. Kxg2 Bd6 12. Bxd6 cxd6 13. e4 Nc6 14. f4 Qc7 15. d5 Na5 16. Qe2 Rac8 17. Rac1 Nxc4 18. Nxc4 Qxc4 19. Qc2 exd5 20. exd5 Rfe8 21. Kg1 Re2 22. Qf5 g6 23. Qxd7 Qc5+ 0-1

[Event "IECG OP.2006.0.00044"]
[Site "IECG email"]
[Date "2006.05.17"]
[Round "?"]
[White "Arut, Marcos"]
[Black "Sherwood, Russell"]
[Result "0-1"]
[WhiteElo "800"]
[BlackElo "1806"]
[PlyCount "78"]
[EventDate "2006.05.17"]
[EventType "tourn (corr)"]
[EventRounds "6"]
[SourceTitle "Corr 2008"]
[Source "ChessBase"]
[SourceDate "2008.06.24"]
[SourceVersion "1"]
[SourceVersionDate "2008.06.24"]
[SourceQuality "1"]

1. d4 f5 2. e4 fxe4 3. Nc3 Nf6 4. Bg5 Nc6 5. d5 Ne5 6. Qd4 Nf7 7. Bxf6 exf6 8. Qxe4+ Qe7 9. 0-0-0 Qxe4 10. Nxe4 Be7 11. Bc4 b6 12. Nf3 Bb7 13. Rhe1 f5 14. Neg5 Nd6 15. Bb3 h6 16. Nh3 g5 17. Ne5 Rh7 18. f4 0-0-0 19. g3 Re8 20. Nf2 gxf4 21. gxf4 Bh4 22. Rf1 Rg7 23. Nf3 Bf6 24. Nd3 Ba6 25. Rfe1 Re4 26. Nfe5 Bxd3 27. Nxd3 Rg2 28. Rd2 Rxe1+ 29. Nxe1 Bxb2+ 30. Kd1 Rg1 31. Rg2 Rf1 32. c4 Bc3 33. Re2 Ne4 34. Re3 Bd4 35. Rf3 Bf2 36. Rh3 Rxe1+ 37. Kc2 Re3 38. Rxh6 Re2+ 39. Kd1 Nc3+ 0-1

[Event "IECG OP.2006.0.00040"]
[Site "IECG email"]
[Date "2006.05.10"]
[Round "?"]
[White "Arut, Marcos"]
[Black "Zocchia, Luciano"]
[Result "0-1"]
[WhiteElo "800"]
[BlackElo "800"]
[PlyCount "56"]
[EventDate "2006.05.10"]
[EventType "tourn (corr)"]
[EventRounds "6"]
[SourceTitle "Corr 2008"]
[Source "ChessBase"]
[SourceDate "2008.06.24"]
[SourceVersion "1"]
[SourceVersionDate "2008.06.24"]
[SourceQuality "1"]

1. d4 Nf6 2. c4 e6 3. Nc3 Bb4 4. Bg5 h6 5. Bxf6 Qxf6 6. e4 c5 7. e5 Qf5 8. a3 cxd4 9. Qxd4 Nc6 10. Qe3 Bxc3+ 11. bxc3 Qxe5 12. Qxe5 Nxe5 13. Be2 0-0 14. Nf3 Ng6 15. 0-0 Nf4 16. Rfe1 b6 17. Bf1 d6 18. g3 Ng6 19. Nd4 Bb7 20. Bg2 Bxg2 21. Kxg2 Ne5 22. Re4 Rfc8 23. Rb1 Nxc4 24. Ra1 d5 25. Re2 Nd6 26. Re3 Rc5 27. a4 Rac8 28. Ra3 Nc4 0-1

[Event "IECG RN.2006.0.00002"]
[Site "IECG email"]
[Date "2006.04.26"]
[Round "?"]
[White "Hughes, Peter James"]
[Black "Arut, Marcos"]
[Result "0-1"]
[WhiteElo "860"]
[BlackElo "800"]
[PlyCount "92"]
[EventDate "2006.04.26"]
[EventType "tourn (corr)"]
[EventRounds "6"]
[SourceTitle "Corr 2008"]
[Source "ChessBase"]
[SourceDate "2008.06.24"]
[SourceVersion "1"]
[SourceVersionDate "2008.06.24"]
[SourceQuality "1"]

1. e4 c5 2. Nc3 e6 3. f4 Nc6 4. Nf3 d6 5. Bb5 Bd7 6. 0-0 Be7 7. d3 Bf6 8. Qe1 Nd4 9. Bxd7+ Qxd7 10. Qf2 Ne7 11. e5 Nxf3+ 12. Qxf3 Bh4 13. g3 Nf5 14. gxh4 dxe5 15. fxe5 Qd4+ 16. Kh1 Rb8 17. Nb5 Qd7 18. Nd6+ Nxd6 19. exd6 0-0 20. Qg3 f5 21. Bf4 Rf6 22. h5 Re8 23. Bg5 Rf7 24. Bh6 Kh8 25. Qe5 Rf6 26. Bg5 Rf7 27. h6 Kg8 28. hxg7 Rxg7 29. h4 h6 30. Rg1 hxg5 31. Rxg5 Rxg5 32. hxg5 b6 33. Rg1 Qg7 34. Qh2 Rd8 35. c3 Qb7+ 36. Rg2 Rd7 37. Qh5 Rh7 38. Qxh7+ Qxh7+ 39. Rh2 Qd7 40. g6 Qxd6 41. Rh7 Qxd3 42. Rxa7 Qb1+ 43. Kg2 Qxb2+ 44. Kg3 Qxc3+ 45. Kf4 Qd4+ 46. Kg5 Qg4+ 0-1